00707cam a22002173a 450000100060000000300060000600500170001200800410002904000150007004200070008505000070009210000200009924501220011926000290024150600300027051600200030065300300032065300680035083000290041885600420044718699PGUSA20140828083410.0060627s2006||||xxu|||||s|||||000 1 eng d aPGUSAbeng adc 4aPZ1 aHope, Laura Lee14aThe Moving Picture Girls at Sea ;bor, A Pictured Shipwreck That Became Realh[electronic resource] /cLaura Lee Hope bProject Gutenberg,c2006 aPublic domain in the USA. aElectronic text aGirls -- Juvenile fiction aMotion pictures -- Production and direction -- Juvenile fiction 0aProject Gutenbergv1869940uhttp://www.gutenberg.org/ebooks/18699